Các văn bản pháp luật về luật tài chính

محفوظ في:
التفاصيل البيبلوغرافية
التنسيق: كتاب
اللغة:Undetermined
منشور في: Hà Nội Chính trị Quốc gia 1999
الموضوعات:
الوسوم: إضافة وسم
لا توجد وسوم, كن أول من يضع وسما على هذه التسجيلة!
Thư viện lưu trữ: Trung tâm Học liệu Trường Đại học Cần Thơ
LEADER 00451nam a2200145Ia 4500
001 CTU_46870
008 210402s9999 xx 000 0 und d
082 |a 343.59703 
082 |b C101/1999 
245 0 |a Các văn bản pháp luật về luật tài chính 
260 |a Hà Nội 
260 |b Chính trị Quốc gia 
260 |c 1999 
650 |a finance, public - vietnam 
980 |a Trung tâm Học liệu Trường Đại học Cần Thơ